Statistics for Faces on Every US Bill

Click here to take the quiz!

General Stats

  • This quiz has been taken 21 times
  • The average score is 6 of 7

Answer Stats

Answer% Correct
Abraham Lincoln
100%
George Washington
100%
Alexander Hamilton
88%
Benjamin Franklin
88%
Andrew Jackson
82%
Ulysses S. Grant
82%
Thomas Jefferson
76%

Score Distribution

Percentile by Number Answered

Percent of People with Each Score

Your Score History

You have not taken this quiz